Most Populous Countries in Europe A-Z - Statistics

General Stats
  • This quiz has been taken 1,148 times
  • The average score is 15 of 17
Answer Stats
Rank Letter Answer % Correct
#4 F France
97%
#2 G Germany
97%
#22 D Denmark
92%
#16 H Hungary
92%
#5 I Italy
92%
#11 B Belguim
91%
#3 U United Kingdom
90%
#36 E Estonia
89%
#18 A Austria
88%
#6 S Spain
86%
#45 V Vatican City
86%
#35 K Kosovo
85%
#31 L Lithuania
85%
#8 P Poland
85%
#12 C Czech Republic
77%
#10 N Netherlands
77%
#28 M Moldova
69%
No matching quizzes found
Score Distribution
Percent of People with Each Score
Percentile by Number Answered
Your Score History
You have not taken this quiz